| 000 | 01231cam a22003617a 4500 | ||
|---|---|---|---|
| 001 | 000070381 | ||
| 003 | CHAP | ||
| 005 | 20220329141414.0 | ||
| 008 | 971013s1988 r 00010 d | ||
| 010 | _a67652 | ||
| 011 | _a68624 | ||
| 035 | _a78097 | ||
| 040 | _cCHAP | ||
| 082 | 0 | 4 |
_a634.95503 _bG5 |
| 245 | 1 | 0 | _aGlosario de términos de genética y mejoramiento genético forestal. |
| 260 |
_aChapingo, Méx. : _bCentro de Genética Forestal, _c1988. |
||
| 300 | _a58 h. | ||
| 490 | 1 |
_aBoletín técnico _v; 2 |
|
| 590 |
_aBATCH-UPD _b10 _c20130110 _lUCH01 _h0713 |
||
| 590 |
_aBATCH-UPD _b10 _c20130410 _lUCH01 _h0358 |
||
| 590 |
_aBATCH-UPD _b10 _c20130914 _lUCH01 _h0654 |
||
| 590 |
_aCONVERSION _b10 _c20130109 _lUCH01 _h1337 |
||
| 590 |
_aE5995AHE _b05 _c20150325 _lUCH01 _h1302 |
||
| 650 | 1 | 4 |
_aGenética forestal _xDiccionarios. _947492 |
| 700 | 0 |
_aEguiluz Piedra, Teobaldo. _935767 |
|
| 830 | 0 |
_aBoletín técnico _v; 2 _913560 |
|
| 901 | _aBK | ||
| 942 | _cLIBRO | ||
| 942 | _n0 | ||
| 949 |
_a634.95503 G5 _bBC _cC _d-95311 _eC _fc.3 _h74167 _i78097 _si _t3.90 |
||
| 949 |
_a634.95503 G5 _bBC _cC _d33724000571188 _eC _gI.c/e _h74165 _i78097 _si _t3.90 |
||
| 949 |
_a634.95503 G5 _bBC _cC _d33724000573051 _eC _fc.2 _h74166 _i78097 _si _t3.90 |
||
| 999 |
_c67652 _d67652 |
||